| 000 | 00378nam a2200157Ia 4500 | ||
|---|---|---|---|
| 008 | 230711s9999||||xx |||||||||||||| ||und|| | ||
| 041 | _aENG | ||
| 082 |
_a624 _bPU-S |
||
| 100 | _aPunmia ,B.c | ||
| 245 | 0 | _aSurveying-III | |
| 250 | _a9th Ed. | ||
| 260 |
_c2002 _aNew Delhi _bLaxmi Publications(P) Ltd |
||
| 650 | _aCivil Engineering | ||
| 700 | _aJain,Arun Kumar | ||
| 942 | _cBK | ||
| 999 |
_c8458 _d8458 |
||